Participación, comunicación y motivación del profesorado
保存先:
| 第一著者: | |
|---|---|
| フォーマット: | 図書 |
| 言語: | スペイン語 |
| 出版事項: |
Buenos Aires
Magisterio del Río de La Plata
2005
|
| 版: | 1a. ed |
| シリーズ: | Respuestas Educativas
|
| 主題: | |
| タグ: |
タグ追加
タグなし, このレコードへの初めてのタグを付けませんか!
|
MARC
| LEADER | 00000nam a2200000 a 4500 | ||
|---|---|---|---|
| 001 | UCG5894 | ||
| 003 | CL-VaPUC | ||
| 008 | 110324e20050000AG |||||||||||||||||spa|d | ||
| 020 | |a 9505503067 | ||
| 082 | 0 | 4 | |a 371.1 |b SER |2 21 |
| 100 | 0 | |a Servat Poblete, Berta |e author |9 555793 | |
| 245 | 1 | 0 | |a Participación, comunicación y motivación del profesorado |
| 250 | |a 1a. ed | ||
| 300 | |a 142 p | ||
| 942 | |c BK | ||
| 945 | |d 20110324 00:00:00 |a jcampos | ||
| 260 | |a Buenos Aires |b Magisterio del Río de La Plata |c 2005 | ||
| 650 | 0 | |a Formación profesional de profesores |9 307493 | |
| 650 | 0 | |a Métodos de enseñanza |9 270413 | |
| 650 | 0 | |a Innovaciones pedagógicas |9 307471 | |
| 650 | 0 | |a Motivación |9 315362 | |
| 650 | 0 | |a Investigación educacional |9 261192 | |
| 583 | |a last modification |c 20110324 00:00:00 |k Rodrigo Vera | ||
| 490 | 0 | |a Respuestas Educativas | |
| 999 | |c 344233 |d 344231 | ||
| 952 | |0 0 |1 0 |4 0 |6 371_100000000000000_SER_2005 |7 0 |8 A |9 442100 |a BIBEDU |b BIBEDU |d 2019-11-22 |i 4757769 |o 371.1 SER 2005 |p 4757769 |r 2019-11-22 |w 2019-11-22 |y BK |k EPE | ||